• 首页
  • 本馆介绍
  • 公告通知
  • 最新文献
  • 馆藏检索
  • 电子资源
  • 读者导购
  • 参考咨询
  • 我的图书馆
  • 登录
  • 详细信息显示
  • 放入我的书架
  • 预约/预借图书
  • 作者相关作品
  • 分类相关作品
  • 丛书相关作品
  • 出版社相关作品

书目信息

  • 表格格式
  • 工作单格式
  • 卡片格式
题名:
吕思勉谈读书治学
    
 
作者: 吕思勉 著
分册:  
出版信息: 武汉   华中科技大学出版社  2015.4
页数: 307页
开本: 19cm
丛书名: 阅读季
单 册:
中图分类: G792-53
科图分类:
主题词: 读书方法--Du Shu Fang Fa--文集 , 文集--Wen Ji
电子资源:
ISBN: 978-7-5680-0595-1
000 00967nam0 22002891 450
001 350745
005 20161012082459.82
010    @a978-7-5680-0595-1@dCNY38.00
100    @a20150421d2015 em y0chiy50 ea
101 0  @achi
102    @aCN@b420000
105    @ay z 000yy
106    @ar
200 1  @a吕思勉谈读书治学@ALv Si Mian Tan Du Shu Zhi Xue@f吕思勉著
210    @a武汉@c华中科技大学出版社@d2015.4
215    @a307页@d19cm
225 2  @a阅读季@AYue Du Ji
308    @a丛书第一季
330    @a本书是吕思勉关于读书治学的论说集。主要内容包括:读书的方法、青年如何为学和做人、论读经之法、论读子之法、我是如何走上史学研究之路的、怎样读中国历史、学会了解中国的史籍等。
333    @a教育工作者及研究者
461  0 @12001 @a阅读季
606 0  @a读书方法@ADu Shu Fang Fa@j文集
606 0  @a文集@AWen Ji
690    @aG792-53@v5
701  0 @a吕思勉@ALv Si Mian@f(1884-1957)@4著
801  0 @aCN@bTANGWEI@c20160808
905    @b0891570-4@dG792-53@e512@f5
    
    吕思勉谈读书治学/吕思勉著.-武汉:华中科技大学出版社,2015.4
    307页;19cm.-(阅读季)
    使用对象:教育工作者及研究者
    
    ISBN 978-7-5680-0595-1:CNY38.00
    本书是吕思勉关于读书治学的论说集。主要内容包括:读书的方法、青年如何为学和做人、论读经之法、论读子之法、我是如何走上史学研究之路的、怎样读中国历史、学会了解中国的史籍等。
●
相关链接 在E读中查询图书 在五车中查询图书 在当当中查询图书 在豆瓣中查询图书


正题名:吕思勉谈读书治学     索取号:G792-53/512         预约/预借

序号 登录号 条形码 馆藏地/架位号 状态 备注
1 0891570   208915708   第一样本阅览室/ [索取号:G792-53/512] 在馆    
2 0891571   208915717   第四借阅区/ [索取号:G792-53/512] 在馆    
3 0891572   208915726   第四借阅区/ [索取号:G792-53/512] 在馆    
4 0891573   208915735   第四借阅区/ [索取号:G792-53/512] 在馆    
5 0891574   208915744   第四借阅区/ [索取号:G792-53/512] 在馆    
唐山师范学院图书馆 欢迎您!
大连网信软件有限公司© 版权所有